00437nam a2200181 a 4500001001300000003000900013005001700022008004100039020000800080082001300088100002100101245002600122260004300148300000900191500003500200505001000235650001000245nice12345678IN_TiNIC20260116011421.0050524s1937 lona grp 000 0 eng  ac000a954bWIL aWilson, Winifred aIndia Reveals Herself aLondonbOxford University Press c1937 a192p aincludes index and biblioraphy2 aIndex aIndia